Statistiche per Paesi per immagini #1

Clicka qui per fare il quiz!

Statistiche generali

  • Questo quiz è stato fatto 3.076 volte
  • Il punteggio medio è 10 su 15

Statistiche sulle risposte

Risposta% Corretto
Brasile
98%
Giappone
95%
Russia
95%
Australia
93%
India
85%
Messico
80%
Emirati Arabi Uniti
78%
Germania
72%
Thailandia
56%
Canada
54%
Islanda
53%
Israele / Palestina
49%
Norvegia
27%
Venezuela
27%
Nuova Zelanda
13%

Distribuzione punteggi

Percentile per numero di risposta

Percentuale di utenti per punteggio

I tuoi punteggi nel tempo

Non hai fatto questo quiz